00604nam a2200181Ia 4500008004100000100003200041245008400073245003400157260004900191260000900240300003400249440004400283650001500327650001300342650002600355650002200381999001900403190422s9999 xx 000 0 und d aMaramba-Turqueza, Joy Noree aMerging strategy and talent management: Challenges and practical applications / cJoy Noree Maramba-Turqueza.-- bPsychological Association of the Philippines c2017 apages 174-184, Decembere 2017 aPhilippine Journal of Psychologyv50(2) aChallenges aMerging  aPractical Application aTalent Management c361469d361469